| 000 | 00699nam a22002057a 4500 | ||
|---|---|---|---|
| 003 | BDDh-ASL | ||
| 005 | 20231015031049.0 | ||
| 008 | 210923s2000 b ||||| |||| 00| 0 b d | ||
| 040 | _cBDDh-ASL | ||
| 041 | _aben | ||
| 082 |
_a930.109 _bKAP |
||
| 100 |
_aকরিম, ফওজুল _91071 |
||
| 245 | 1 | 0 | _aপরীবিবি ও রক্তাক্ত লালবাগ দুর্গ / |
| 246 | _aPoribibi O Roktactto Lalbag Durga | ||
| 260 |
_aঢাকা: _bদিব্য প্রকাশ, _c২০০০। |
||
| 300 |
_a৬৪ পৃষ্ঠা, : _c২২ সে. মি. |
||
| 650 | 0 |
_94538 _ahistory of Lalbagh Fort |
|
| 650 | 0 |
_91349 _aHistory |
|
| 942 |
_2ddc _cBK |
||
| 999 |
_c29744 _d29744 |
||